| 000 | 01033 a2200205 4500 | ||
|---|---|---|---|
| 001 | 39931 | ||
| 005 | 20260407155656.0 | ||
| 008 | 260407a1986 arg spa d | ||
| 003 | AR-UNSa-BCEJYS | ||
| 040 |
_aAR-UNSa-BCEJYS _bspa _cAR-UNSa-BCEJYS |
||
| 080 |
_a330.32 _xNueva formación de capital (Inversión) |
||
| 245 | 1 | 0 |
_aLa valoración dinámica de capitales _pfundamentación y modelos básicos en universos deterministas |
| 264 | 1 |
_aSanta Fe : _bUniversidad Nacional del Litoral _c1986 |
|
| 300 |
_a178 p. _c22 cm. |
||
| 505 | _a1. Operaciones financieras sustancialmente definidas - 2. Leyes discretas para la valoración dinámica de capitales - 3. Equivalencias entre conjuntos de tasas que definen Leyes discretas del valor capital - 4. Casos particulares de Leyes de capitalización discretas - 5. Leyes continuas para la valoración dinámica de capitales - 6. Operaciones financieras ciertas complejas | ||
| 041 | _aspa | ||
| 942 | _cBK | ||
| 590 | _aniveau_biblio:m niveau_hierar:0 | ||
| 100 | 1 | _aQuirelli, Blanca N.I. | |
| 999 |
_c3153 _d3153 |
||